00305nam a2200133Ia 45000030006000000080041000060400015000471000021000622450039000832500011001222600009001335460012001420050017001540STCL150530s9999 xx 000 0 und d aSTCLcSTCL aBoring Edwin, G. aHistory of experimental psychology aSecond c1969 aEnglish20220125170451.0